000 00631cam a2200193 4500500
005 20260405003948.0
041 _afre
042 _adc
100 1 0 _aLarmagnac-Matheron, Octave
_eauthor
245 0 0 _a“One Piece” et les révoltes mondiales de la génération Z : vers une liberté pirate ?
260 _c2025.
500 _a76
690 _aJeunesse
690 _aManga
690 _aPirate
690 _aRévolution
786 0 _nPhilosophie magazine | 194 | 11 | 2025-11-01 | p. 6-6 | 1951-1787
856 4 1 _uhttps://shs.cairn.info/magazine-philosophie-magazine-2025-11-page-6?lang=fr&redirect-ssocas=7080
999 _c2072490
_d2072490